Ciencias sociales 9 : historia, geografía, formación ética y ciudadana /
Guardado en:
| Autor Principal: | |
|---|---|
| Otros Autores: | , |
| Formato: | Libro |
| Publicado: |
Buenos Aires :
A-z ,
1999
|
| Series: | Integrar
|
| Materias: | |
| Etiquetas: |
Agregar Etiqueta
Sin Etiquetas, Sea el primero en etiquetar este registro!
|
| LEADER | 01830nam a22002895a 4500 | ||
|---|---|---|---|
| 001 | CEM.cems010627 | ||
| 005 | 20080228092315.0 | ||
| 008 | 130507s1999##################000#0#####d | ||
| 003 | CEMS | ||
| 020 | |a 9505346115 | ||
| 082 | 0 | 4 | |a Z302 |
| 100 | 1 | |a Bustinza, Juan Antonio | |
| 245 | 1 | 0 | |a Ciencias sociales 9 : |b historia, geografía, formación ética y ciudadana / |c Juan Antonio Bustinza , Patricia Bustinza y Roxana Franco |
| 260 | |a Buenos Aires : |b A-z , |c 1999 | ||
| 300 | |a 373 p. | ||
| 490 | 0 | |a Integrar | |
| 500 | |a Para 9°año Egb | ||
| 505 | 0 | |a De las Provincias Unidas a la República unitaria (1810-1828) -- Del ascenso del federalismo a la organización del estado nacional (1828-1880) -- La ocupación del espacio -- La organización del espacio argentino -- Las estructuras y los ambientes argentinos -- El régimen liberal (1880-1916) -- El mundo hasta el fin de la Primera Guerra Mundial (1870-1919) -- La etapa radical y la restauración conservadora (1916-1945) -- El mundo hasta el fin de la Segunda Guerra Mundial (1919-1945) -- La Argentina y su gente -- Los espacios productivos -- La etapa peronista (1945-1955) -- La crisis intitucinales, los años de plomo y la democracia -- Las alteraciones del medio ambiente -- Los espacios industriales y la apertura al mercado mundial -- El mundo desde la Guerra Fría hasta nuestro tiempo -- Formación ética y ciudadana | |
| 653 | |a Historia argentina | ||
| 653 | |a Geografía argentina | ||
| 653 | |a Ciencias sociales-9°egb | ||
| 653 | |a Formación ética | ||
| 700 | 1 | |a Bustinza, Patricia | |
| 700 | 1 | |a Franco, Roxana | |
| 859 | |a CEMS |b BIB. CEMS - 11 de abril |h Z302 |i B969 |p 21231.01 |t Ej.1 |v 9º |3 9º | ||
| 859 | |a CEMS |b BIB. CEMS - 11 de abril |h Z302 |i B969 |p 21232.01 |t Ej.2 |v 9º |3 9º | ||
| 859 | |a CEMS |b BIB. CEMS - 11 de abril |h Z302 |i B969 |p 22728.04 |t Ej.3 |v 9º |3 9º | ||
